| 000 | 00982cam a22003137a 4500 | ||
|---|---|---|---|
| 003 | CHAP | ||
| 005 | 20220329134513.0 | ||
| 008 | 971013s1974 r 00010 d | ||
| 010 | _a21312 | ||
| 011 | _a22284 | ||
| 035 | _a26378 | ||
| 040 | _cCHAP | ||
| 082 |
_a584.15 _bD7 |
||
| 100 | 0 | 0 |
_aDressler, Robert L. _934226 |
| 245 | 1 | 3 | _aEl género encyclia en México |
| 260 |
_aMéxico, D.F. : _bAsociación Mexicana de Orquideología, _c1974 |
||
| 300 |
_a158 p. _b: láms. ; ilus. |
||
| 590 |
_aBATCH-UPD _b10 _c20130110 _lUCH01 _h0246 |
||
| 590 |
_aBATCH-UPD _b10 _c20130110 _lUCH01 _h1218 |
||
| 590 |
_aBATCH-UPD _b10 _c20130409 _lUCH01 _h2315 |
||
| 590 |
_aBATCH-UPD _b10 _c20130410 _lUCH01 _h1303 |
||
| 590 |
_aBATCH-UPD _b10 _c20130914 _lUCH01 _h1221 |
||
| 590 |
_aCONVERSION _b10 _c20130109 _lUCH01 _h1313 |
||
| 650 | 1 | 4 |
_aFlores _xMéxico. _941390 |
| 650 | 1 | 4 |
_aOrquidáceas. _983723 |
| 901 | _aBK | ||
| 942 | _cLIBRO | ||
| 949 |
_a584.15 D7 _bBC _cC _d33724000525531 _eC _h662 _i26378 _si |
||
| 999 |
_c21312 _d21312 |
||